Catecismo de urbanidad civil y cristiana

Gespeichert in:
Bibliographische Detailangaben
1. Verfasser: Galván Rivera, Mariano.
Format: Buch
Sprache:Spanisch
Erschienen: México Tipografía de la Vda. e Hijos de Murguía 1880
Ausgabe:7a. ed.
Katalog:MANES:  Suchergebnis im Bibliothekskatalog
Schulbuchspezifische Eigenschaften:
Schlagworte:
Tags: Tag hinzufügen
Keine Tags, Fügen Sie den ersten Tag hinzu!
Hinzugefügt zu:04.06.2019
Geändert in:04.06.2019

MARC

LEADER 00000nam a22000007a 4500
005 20190605022410.0
008 190605b xxu||||| |||| 00| 0 spa d
040 |a centro_manes  |c universidad_colima 
100 |9 22790  |a Galván Rivera, Mariano. 
245 |a Catecismo de urbanidad civil y cristiana 
250 |a 7a. ed. 
260 |a México  |b Tipografía de la Vda. e Hijos de Murguía  |c 1880 
500 |a Aparece: Francisco Ziga, "Bibliografía Pedagógica. Libros de texto para enseñanza primaria:1850-1970 VI. "Libros de civismo, derecho constitucional, economía y moral" en Boletín del Instituto de Investigaciones Bibliográficas 1981-1982, Biblioteca Nacional, Hemeroteca Nacional, Universidad Nacional Autónoma de México, Nos. 18 - 19, p. 134. 7a. ed. corregida y aumentada. 1 v. 
650 0 |9 23515  |a Educación Cívica y Moral 
691 0 |a PRI 
942 |2 ddc  |c BK 
999 |c 85437  |d 85437 
999 |c manes:85437  |d 85437